| 000 | 00725nam a22002057a 4500 | ||
|---|---|---|---|
| 999 |
_c13625 _d13625 |
||
| 003 | AR-CdUCM | ||
| 008 | 190415b ||||| |||| 00| 0 spa d | ||
| 040 |
_aMUNICIPALIDAD PROVINCIAL DEL CUSCO _cBIBLIOTECA MUNICIPAL DEL CUSCO |
||
| 082 |
_aTS / 985 / _bA77 |
||
| 100 |
_aArredondo A., Sofia _932105 |
||
| 245 | _aLos ayllus de Haquira / | ||
| 260 |
_aCusco : _bH. G. Rozas Sucesores, _c1940 |
||
| 300 |
_a51 paginas ; _c21 cm. |
||
| 500 | _aTesis presentada para optar el titulo de doctor en la sección Historia de la facultad de letras. Tesis en mal estado. | ||
| 505 | _aContenido: Los ayllus de Haquira. | ||
| 650 |
_aAyllus _932106 |
||
| 650 |
_aIndigenismo _9208 |
||
| 942 |
_2ddc _cTESIS |
||
| 945 |
_acmm _d2019-04-15 |
||